00788nam a22002295i 450000100060000000300090000600500170001500700030003200800390003502000180007408000110009210000310010324501170013425000120025126000650026330000250032850000140035365000300036785200220039799900170041995201220043647834ES-MaACL20230906161637.0t|920427s2002 sp ||||0| spa a84-7615-758-4 a512.641 aLipschutz, Seymour.97251310aÁlgebra lineal / cSeymour Lipschutz ; traducción, Celia Martínez Ontalba ; revisión, Lorenzo Abellanas. a2ª ed. aMadrid : bMcGraw-Hill, Interamericana de España, c[2002] aX, 553 p. ; c24 cm. aÍndice. 4aÁlgebra lineal.91553194 aES-MaACLjL-26367 c47834d47834 00104070aATENEOMbATENEOMcDEPO2d2008-01-17eSCl0oL-26367p1050338r2023-02-23 00:00:00w2023-02-23yMONOGRAFIA